| 000 | 01025nas a2200313 4500 | ||
|---|---|---|---|
| 001 | BR2015003000 | ||
| 003 | BR-BrBNA | ||
| 005 | 20231205125413.0 | ||
| 007 | ta | ||
| 008 | 230509b bl.|||p| |||| 00| 00por d | ||
| 040 |
_aBR-BrBNA _bpor _cBiblioteca Nacional de Agricultura |
||
| 041 | _a(Pt) | ||
| 072 | _aU40 | ||
| 100 | 1 | _aMoreira, M.A. | |
| 100 | 1 | _aRudorff, B.F.T. | |
| 100 | 1 | _aBarros, M.A. | |
| 100 | 1 | _aFaria, V.G.C. de | |
| 100 | 1 | _aAdami, M. | |
| 245 | 1 | _aGeotecnologias para mapear lavouras de café nos estados de Minas Gerais e São Paulo | |
| 246 | 1 | _aGeotecnologies to map coffee fields in the states of Minas Gerais and São Paulo | |
| 650 | _aCAFE | ||
| 650 | _aSENSORIAMENTO REMOTO | ||
| 650 | _aSATELITE | ||
| 650 | _aANALISE ESTATISTICA | ||
| 773 | 0 |
_tEngenharia Agrícola (Brazil) _xISSN 1809-4430 _g(Dec 2010), v. 30(6) p. 1123-1135 _wBR2015003000 |
|
| 856 | 4 | 0 | _uhttp://www.scielo.br/pdf/eagri/v30n6/a13v30n6.pdf |
| 909 |
_a202311 _bLúcia _c55 _dLúcia Elande |
||
| 942 |
_2AGRIS _n0 _cANA |
||
| 999 |
_c244197 _d244197 |
||